| 000 | 00874nas a2200253 4500 | ||
|---|---|---|---|
| 001 | BR0801306 | ||
| 003 | BR-BrBNA | ||
| 005 | 20231205111643.0 | ||
| 007 | ta | ||
| 008 | 230509b bl.|||p| |||| 00| 00por d | ||
| 040 |
_aBR-BrBNA _bpor _cBiblioteca Nacional de Agricultura |
||
| 041 | _a(En) | ||
| 072 | _aL20 | ||
| 100 | 1 | _aArbizu, P.M. | |
| 245 | 1 | _aPsammocyclopinidae fam. n., a new monophyletic group of marine Cyclopóida (Copepoda, Custácea)with the description of Psammocyclopína georgei sp. n. from the Magelam Region | |
| 650 | _aCRUSTÁCEO | ||
| 650 | _aHABITAT | ||
| 650 | _aECOLOGIA ANIMAL | ||
| 650 | _aANATOMIA ANIMAL | ||
| 650 | _aDISTRIBUIÇÃO GEOGRÁFICA | ||
| 773 | 0 |
_tRevista Brasileira de Zoologia (Brazil) _xISSN 0101-8175 _g(Dec 2001), v. 18(4) p. 1325-1339 _wBR0801306 |
|
| 909 |
_a202311 _bLúcia _c55 _dLúcia Elande |
||
| 942 |
_2AGRIS _n0 _cANA |
||
| 999 |
_c193772 _d193772 |
||